[Event "World University-ch 7th"]
[Site "Ulaanbaatar"]
[Date "2002.09.19"]
[Round "8"]
[White "Zhang Zhong"]
[Black "Iordachescu, Viorel"]
[Result "1-0"]
[WhiteElo "2637"]
[BlackElo "2555"]
[PlyCount "115"]
[EventDate "2002.09.11"]
[Source "ChessBase"]
[SourceDate "2002.11.06"]

1. e4 g6 2. d4 Bg7 3. Nf3 d6 4. Bc4 c6 5. Qe2 Nf6 6. e5 dxe5 7. dxe5 Nd5 8. h3 O-O 9. O-O Qc7 10. Re1 Rd8 11. a4 a5 12. Nbd2 b5 13. axb5 cxb5 14. Bxb5 Qxc2 15. Nd4 Qc5 16. N2b3 Qb6 17. Bd2 Nc7 18. Bc3 Nxb5 19. Qxb5 Qxb5 20. Nxb5 a4 21. Nc5 Nc6 22. Rxa4 Rxa4 23. Nxa4 Bxe5 24. Bxe5 Rd5 25. Nd6 exd6 26. Bxd6 Rxd6 27. Re8+ Kg7 28. Rxc8 Nb4 29. Rc4 Rd1+ 30. Kh2 Nd3 31. Rc2 f5 32. Nc3 Rf1 33. f3 f4 34. Rd2 Ne5 35. Re2 Nc4 36. Nd5 g5 37. b3 Nd6 38. Re7+ Kf8 39. Re6 Nf7 40. h4 h6 41. h5 Rd1 42. Nf6 Nd8 43. Rb6 Rb1 44. Ng4 Nf7 45. Nxh6 Nxh6 46. Rxh6 Rxb3 47. Rg6 Kf7 48. Rxg5 Kf6 49. Ra5 Rb2 50. Kh3 Rb4 51. Rc5 Ra4 52. Rc6+ Kg5 53. Rc5+ Kf6 54. Kg4 Ra2 55. Rc6+ Kf7 56. Kh3 Ra5 57. Kh4 Ra2 58. Rg6 1-0

[Event "Chicago"]
[Site "?"]
[Date "1994.??.??"]
[Round "?"]
[White "de Firmian, N."]
[Black "Miles, A."]
[Result "0-1"]
[WhiteElo "2580"]
[BlackElo "2590"]
[PlyCount "56"]
[EventDate "1994.??.??"]
[Source "ChessBase"]
[SourceDate "1994.02.01"]

1. e4 Nf6 2. e5 Nd5 3. d4 d6 4. Nf3 c6 5. Be2 dxe5 6. Nxe5 Nd7 7. c4 Nc7 8. Nf3 g6 9. O-O Bg7 10. Nc3 O-O 11. Re1 c5 12. d5 b5 13. cxb5 Nb6 14. Be3 Nbxd5 15. Nxd5 Nxd5 16. Bxc5 Bxb2 17. Bc4 Bb7 18. Rb1 Bf6 19. Bd4 e6 20. Bxf6 Qxf6 21. Qd4 Rfc8 22. Rbc1 Qe7 23. h4 Rc5 24. Ne5 Rac8 25. Nd3 R5c7 26. Bb3 Nc3 27. Qg4 Qd6 28. Nf4 e5 0-1

[Event "ch-SRB"]
[Site "Mataruska Banja SRB"]
[Date "2008.03.20"]
[Round "6"]
[White "Damljanovic, B."]
[Black "Sedlak, N."]
[Result "1-0"]
[WhiteElo "2582"]
[BlackElo "2568"]
[PlyCount "69"]
[EventDate "2008.03.15"]
[Source "www.chesslib.no"]
[SourceDate "2004.05.04"]

1. e4 Nf6 2. e5 Nd5 3. d4 d6 4. Nf3 Nc6 5. Bb5 a6 6. Bxc6+ bxc6 7. O-O g6 8. h3 Bg7 9. c4 Nb6 10. b3 O-O 11. Nc3 c5 12. dxc5 Nd7 13. cxd6 cxd6 14. Bb2 Nxe5 15. Nxe5 Bxe5 16. Qc1 Bb7 17. Rd1 f5 18. Ne2 Qc7 19. Bxe5 dxe5 20. Nc3 Qc6 21. f3 Qc5+ 22. Kh1 Rad8 23. Na4 Qc7 24. Qe3 e4 25. fxe4 Bxe4 26. Nc5 Ba8 27. Ne6 Qc6 28. Rg1 Rd3 29. Qxd3 Qxe6 30. Rae1 Qf6 31. c5 f4 32. Qc4+ Rf7 33. Re6 Qf5 34. c6 Kg7 35. Rge1 1-0

[Event "Wien"]
[Site "?"]
[Date "1998.??.??"]
[Round "?"]
[White "Ulibin, M."]
[Black "Baburin, A."]
[Result "1/2-1/2"]
[WhiteElo "2555"]
[BlackElo "2590"]
[PlyCount "92"]
[EventDate "1998.??.??"]
[Source "Chess Informant"]
[SourceDate "1999.06.01"]

1. e4 Nf6 2. e5 Nd5 3. d4 d6 4. Nf3 c6 5. Bc4 Bg4 6. h3 Bh5 7. g4 Bg6 8. e6 fxe6 9. Bd3 Bxd3 10. Qxd3 g6 11. c4 Nf6 12. Nc3 Na6 13. Bf4 Nc7 14. O-O Bg7 15. Rfe1 O-O 16. Bg3 Qd7 17. Rad1 b5 18. b3 bxc4 19. bxc4 Rab8 20. Re2 Rb4 21. Rde1 Qc8 22. c5 Qd7 23. Ng5 Nfd5 24. Nxd5 cxd5 25. cxd6 Rxd4 26. Qb3 exd6 27. Qb7 e5 28. Rc2 Rc4 29. Rec1 Qb5 30. Rxc4 Qxb7 31. Rxc7 Qb2 32. Ne6 Rf7 33. Rc8+ Bf8 34. R1c6 Qb1+ 35. Kh2 Qxa2 36. Rxd6 d4 37. Re8 Rf6 38. g5 Rxf2+ 39. Bxf2 Qxf2+ 40. Kh1 Qf1+ 41. Kh2 Qf2+ 42. Kh1 Qe1+ 43. Kg2 Qd2+ 44. Kg3 Qd3+ 45. Kg2 Qc2+ 46. Kg3 Qd3+ 1/2-1/2

[Event "Matamoros"]
[Site "?"]
[Date "1994.??.??"]
[Round "?"]
[White "Zapata, A."]
[Black "Miles, A."]
[Result "1/2-1/2"]
[WhiteElo "2555"]
[BlackElo "2590"]
[PlyCount "95"]
[EventDate "1994.??.??"]
[Source "ChessBase"]
[SourceDate "1994.06.01"]

1. e4 Nf6 2. e5 Nd5 3. d4 d6 4. Nf3 c6 5. Be2 dxe5 6. dxe5 Bf5 7. O-O e6 8. c4 Ne7 9. Qxd8+ Kxd8 10. Rd1+ Ke8 11. Nd4 Nd7 12. f4 g5 13. fxg5 Nxe5 14. Nc3 Bg6 15. Ndb5 cxb5 16. Nxb5 Nd7 17. Bf4 Nc6 18. Nc7+ Kd8 19. Nxa8 Kc8 20. Kf1 Bg7 21. Rd2 e5 22. Bg4 exf4 23. Bxd7+ Kb8 24. Bxc6 bxc6 25. Re1 Rc8 26. Rd7 Bf5 27. Rxf7 Bd3+ 28. Kf2 Bxb2 29. Ree7 Bd4+ 30. Kf3 Kxa8 31. Rd7 Bg6 32. Rxh7 Bxh7 33. Rxd4 Bb1 34. a3 Rb8 35. h3 Kb7 36. c5 a5 37. Rxf4 Ka6 38. a4 Bc2 39. h4 Rd8 40. g4 Rd3+ 41. Kf2 Rd5 42. Rc4 Bd3 43. Rc3 Bh7 44. Kg3 Kb7 45. Rf3 Bc2 46. Rc3 Bh7 47. Rf3 Bc2 48. Rc3 1/2-1/2

[Event "Sao Paulo zt 2.4"]
[Site "Sao Paulo"]
[Date "2000.06.05"]
[Round "1"]
[White "Milos, Gilberto"]
[Black "Lima, Darcy"]
[Result "1/2-1/2"]
[WhiteElo "2620"]
[BlackElo "2514"]
[PlyCount "141"]
[EventDate "2000.06.05"]
[Source "ChessBase"]
[SourceDate "2000.07.11"]

1. e4 Nf6 2. e5 Nd5 3. d4 d6 4. Nf3 c6 5. Be2 Bg4 6. c4 Nc7 7. Nbd2 dxe5 8. dxe5 g6 9. Qb3 Qc8 10. h3 Bxf3 11. Nxf3 Bg7 12. O-O Ne6 13. Re1 O-O 14. Bd2 c5 15. Bd3 Nc6 16. Be4 Qc7 17. Bc3 Ned4 18. Bxd4 cxd4 19. Bxc6 bxc6 20. Qd3 c5 21. e6 f5 22. Re2 Rab8 23. Ng5 Rb6 24. Rae1 Bf6 25. Nf7 Qb7 26. b3 a5 27. g4 f4 28. Re4 a4 29. bxa4 Qa6 30. Qe2 f3 31. Qd3 Rb4 32. Rf4 Bg7 33. Qxf3 Qa8 34. Qd5 Rxa4 35. Qxc5 Qa5 36. Qxa5 Rxa5 37. Re2 Rc8 38. Rb2 Rac5 39. Rb7 R5c7 40. Rxc7 Rxc7 41. Rf3 h6 42. g5 hxg5 43. Nxg5 Rxc4 44. Ra3 Bf6 45. Ne4 Kg7 46. Kg2 Rc6 47. Rd3 Rxe6 48. Nxf6 exf6 49. Rxd4 Re2 50. a3 Ra2 51. Rd3 g5 52. Kg3 Kg6 53. f4 gxf4+ 54. Kxf4 Rf2+ 55. Ke3 Ra2 56. Kd4 f5 57. Ke5 Re2+ 58. Kf4 Re4+ 59. Kf3 Ra4 60. Rb3 Kf6 61. Ke3 Ke5 62. Kd3 Rh4 63. Kc2 Ra4 64. Re3+ Kd4 65. Kd2 f4 66. Rb3 Ke5 67. Ke2 Kf5 68. Kd3 Kg5 69. Kc2 Kf5 70. Kd3 Kg5 71. Kc2 1/2-1/2

[Event "Nagykanizsa 1st"]
[Site "Nagykanizsa"]
[Date "2003.11.11"]
[Round "7"]
[White "Nevednichy, Vladislav"]
[Black "Varga, Zoltan"]
[Result "1/2-1/2"]
[WhiteElo "2575"]
[BlackElo "2558"]
[PlyCount "77"]
[EventDate "2003.11.05"]
[Source "ChessBase"]
[SourceDate "2004.03.30"]

1. e4 Nf6 2. e5 Nd5 3. d4 d6 4. Nf3 c6 5. c4 Nc7 6. h3 dxe5 7. Nxe5 g6 8. Nc3 Bg7 9. Nf3 c5 10. d5 O-O 11. Bg5 f6 12. Be3 Nba6 13. Qd2 e5 14. O-O-O Ne8 15. Bh6 Nd6 16. Bxg7 Kxg7 17. g4 e4 18. Ne1 f5 19. f3 Qe7 20. fxe4 fxe4 21. Nc2 Bd7 22. Ne3 Qe5 23. a3 Nc7 24. Be2 Rf2 25. Rdf1 Raf8 26. Rxf2 Rxf2 27. Ncd1 Rf7 28. Qc3 Qxc3+ 29. Nxc3 Kf6 30. b4 b6 31. bxc5 bxc5 32. Kd2 Ke5 33. Rb1 Rf2 34. Rb8 Rh2 35. Rd8 Bc8 36. Na4 Na6 37. Nc3 Nc7 38. Na4 Na6 39. Nc3 1/2-1/2

[Event "Szirak"]
[Site "Szirak"]
[Date "1986.??.??"]
[Round "?"]
[White "Spraggett, Kevin"]
[Black "Suba, Mihai"]
[Result "1/2-1/2"]
[WhiteElo "2525"]
[BlackElo "2580"]
[PlyCount "86"]
[EventDate "1986.09.??"]
[Source "ChessBase"]

1. e4 Nf6 2. e5 Nd5 3. d4 d6 4. Nf3 c6 5. h3 g6 6. c4 Nc7 7. exd6 exd6 8. Nc3 Bg7 9. Bg5 Qd7 10. Qd2 O-O 11. Be2 f6 12. Bh6 d5 13. Bxg7 Kxg7 14. O-O Qf7 15. cxd5 Nxd5 16. Bc4 Be6 17. Rfe1 Nd7 18. Ne4 N7b6 19. Bb3 Qc7 20. Nc5 Bf7 21. Qa5 Qc8 22. Rac1 Re8 23. Rxe8 Bxe8 24. Nh2 Bf7 25. Ng4 h5 26. Ne3 Nf4 27. Bxf7 Kxf7 28. Re1 Nbd5 29. Qd2 Kg7 30. Nxd5 Nxd5 31. Ne6+ Kh7 32. f4 Qg8 33. Nc7 Rd8 34. Nxd5 Qxd5 35. Re7+ Kh6 36. f5+ g5 37. Rxb7 Qxf5 38. Rxa7 Qe4 39. Ra4 c5 40. Ra6 Kg6 41. Qf2 Qxd4 42. Re6 h4 43. Re2 Qxf2+ 1/2-1/2

[Event "Zalaegerszeg"]
[Site "Zalaegerszeg"]
[Date "2004.04.27"]
[Round "4"]
[White "Sax, Gyula"]
[Black "Varga, Zoltan"]
[Result "1/2-1/2"]
[WhiteElo "2535"]
[BlackElo "2564"]
[PlyCount "21"]
[EventDate "2004.04.24"]
[Source "ChessBase"]
[SourceDate "2004.07.27"]

1. e4 Nf6 2. e5 Nd5 3. d4 d6 4. Nf3 c6 5. Be2 dxe5 6. Nxe5 Nd7 7. c4 N5f6 8. Nxd7 Bxd7 9. O-O e6 10. Bf4 Qb6 11. Qb3 1/2-1/2

[Event "La Habana 81/68"]
[Site "?"]
[Date "2001.??.??"]
[Round "?"]
[White "Nataf, I.-A."]
[Black "Arencibia, W."]
[Result "0-1"]
[WhiteElo "2552"]
[BlackElo "2543"]
[PlyCount "110"]
[EventDate "2001.??.??"]
[Source "Chess Informant"]
[SourceDate "2001.02.01"]

1. e4 Nf6 2. e5 Nd5 3. d4 d6 4. Nf3 c6 5. c4 Nc7 6. Nc3 dxe5 7. Nxe5 Nd7 8. Nf3 g6 9. Be2 Bg7 10. O-O O-O 11. Be3 b6 12. Qd2 Bb7 13. Rad1 Qe8 14. Rfe1 Rd8 15. Bh6 Nf6 16. Bxg7 Kxg7 17. Qe3 Qd7 18. Ne5 Qd6 19. Bf3 Ne6 20. Nxc6 Bxc6 21. d5 Qb4 22. dxc6 Qxc4 23. b3 Qb4 24. Nd5 Nxd5 25. Bxd5 Rd6 26. Qe5+ Kg8 27. Qa1 Rc8 28. a3 Qb5 29. Bxe6 Rxe6 30. Rxe6 fxe6 31. c7 Rxc7 32. Rd8+ Kf7 33. h3 Qc5 34. Rd1 Qc3 35. Qb1 Qc2 36. Qa1 Qxb3 37. Qd4 Rc5 38. Rd3 e5 39. Qd7 Rc3 40. Rd1 a5 41. Re1 Rd3 42. Qg4 Qd5 43. a4 Qd4 44. Re4 Qd6 45. Qe2 Rd1+ 46. Kh2 Rd4 47. Re3 Rxa4 48. g3 e4 49. Qc2 Rd4 50. Re2 a4 51. h4 b5 52. Qc8 Rd2 53. Rxe4 Rxf2+ 54. Kh3 h5 55. Qb7 Qc5 0-1

[Event "Capablanca mem Elite"]
[Site "Havana"]
[Date "1999.05.12"]
[Round "5"]
[White "De la Paz, Frank"]
[Black "Baburin, Alexander"]
[Result "0-1"]
[WhiteElo "2495"]
[BlackElo "2586"]
[PlyCount "76"]
[EventDate "1999.05.??"]
[Source "ChessBase"]
[SourceDate "1999.08.01"]

1. e4 Nf6 2. e5 Nd5 3. d4 d6 4. Nf3 c6 5. Be2 dxe5 6. Nxe5 Nd7 7. Nf3 b5 8. O-O g6 9. Nc3 Nxc3 10. bxc3 Bg7 11. d5 c5 12. Bxb5 O-O 13. Rb1 Bb7 14. c4 Nb6 15. Bf4 e6 16. Bc6 Bxc6 17. dxc6 Qf6 18. Bd6 Rfc8 19. c7 Nxc4 20. Rb8 Nb6 21. Ne5 Bf8 22. Re1 Bxd6 23. Qxd6 Kg7 24. a4 Nd5 25. Rxa8 Rxa8 26. Qd7 Nb6 27. Qc6 Rc8 28. Qxc5 Na8 29. Qa5 Rxc7 30. c4 Nb6 31. c5 Nd5 32. c6 Qf4 33. Qc5 Qb4 34. Qxb4 Nxb4 35. Rb1 a5 36. Rc1 f6 37. Rd1 fxe5 38. Rd7+ Rxd7 0-1

[Event "RUS-ch"]
[Site "Elista"]
[Date "1996.??.??"]
[Round "6"]
[White "Korneev, Oleg"]
[Black "Dyachkov, Sergej"]
[Result "1-0"]
[WhiteElo "2565"]
[BlackElo "2515"]
[PlyCount "61"]
[EventDate "1996.10.15"]
[Source "ChessBase"]

1. e4 Nf6 2. e5 Nd5 3. d4 d6 4. Nf3 Nc6 5. c4 Nb6 6. e6 fxe6 7. Nc3 g6 8. h4 Bg7 9. Be3 e5 10. d5 Nb4 11. a3 Na6 12. h5 Bf5 13. hxg6 hxg6 14. Rxh8+ Bxh8 15. Ng5 Qc8 16. Be2 c6 17. g4 Bd7 18. Qd3 Kd8 19. c5 e4 20. Ncxe4 Nxd5 21. cxd6 Be6 22. O-O-O Qd7 23. Rh1 Be5 24. f4 Nxf4 25. Bxf4 Bxf4+ 26. Kb1 exd6 27. Rh7 Qe8 28. Nxd6 Bxd6 29. Qxd6+ Bd7 30. Rxd7+ Qxd7 31. Ne6+ 1-0

[Event "Linares NL"]
[Site "Linares ESP"]
[Date "1994.??.??"]
[Round "1"]
[White "Hernandez, Gilberto"]
[Black "Miles, Anthony J"]
[Result "1-0"]
[WhiteElo "2485"]
[BlackElo "2590"]
[PlyCount "159"]
[EventDate "1994.09.??"]
[Source "www.chesslib.no"]
[SourceDate "2004.05.04"]

1. e4 Nf6 2. e5 Nd5 3. d4 d6 4. Nf3 c6 5. Be2 dxe5 6. Nxe5 g6 7. c4 Nc7 8. Nc3 Bg7 9. Be3 O-O 10. O-O c5 11. Nf3 cxd4 12. Bxd4 Bh6 13. Bc5 Nc6 14. Nd5 Re8 15. Qb3 e6 16. Ne3 Na6 17. Rfd1 Nxc5 18. Rxd8 Rxd8 19. Qa3 b6 20. b4 Ne4 21. c5 bxc5 22. bxc5 Bg7 23. Rc1 Bb7 24. Bd3 Nf6 25. Ba6 Rab8 26. Bxb7 Rxb7 27. g3 Nd5 28. Nc4 Rdb8 29. Kg2 h6 30. Qa4 Nde7 31. Rc2 Rb4 32. Qa3 R8b5 33. Nd6 Ra5 34. Qd3 Nd5 35. a3 Rb8 36. h4 Ra4 37. Rc4 Rxc4 38. Qxc4 Rb2 39. Qa4 Nde7 40. Nb5 a5 41. Nd6 Rb8 42. Qc4 Bf6 43. Nh2 Bd4 44. Nf3 Bf6 45. Nb5 Rd8 46. Qf4 Kg7 47. Nd6 Rf8 48. g4 Bb2 49. Qd2 Ba1 50. Qc1 Bd4 51. Nxd4 Nxd4 52. Qc3 Nec6 53. Nc4 Ra8 54. Ne5 Kg8 55. Nxc6 Nxc6 56. Qd3 Rd8 57. Qa6 Ne7 58. Qxa5 Rd4 59. Kg3 Nd5 60. Qb5 Rd1 61. Qb8+ Kg7 62. c6 Rd2 63. Qb3 Rd4 64. a4 h5 65. gxh5 gxh5 66. c7 Rg4+ 67. Kh3 Nxc7 68. Qc3+ Kg8 69. Qxc7 Rxa4 70. Qd8+ Kh7 71. Qg5 Ra3+ 72. Kh2 Rd3 73. Qxh5+ Kg7 74. Qg5+ Kf8 75. h5 Rd5 76. Qg4 Rf5 77. h6 Rxf2+ 78. Kg1 Rf6 79. Qg7+ Ke7 80. h7 1-0

[Event "BL 0607 Hamburger SK - SV Wattenscheid"]
[Site "Germania"]
[Date "2007.02.24"]
[Round "10.4"]
[White "Hansen, Sune Berg"]
[Black "Appel, Ralf"]
[Result "1/2-1/2"]
[WhiteElo "2561"]
[BlackElo "2507"]
[PlyCount "143"]
[EventDate "2006.10.28"]
[Source "www.chesslib.no"]
[SourceDate "2004.05.04"]

1. e4 Nf6 2. e5 Nd5 3. d4 d6 4. Nf3 c6 5. c4 Nb6 6. h3 dxe5 7. Nxe5 N8d7 8. Nf3 g6 9. Nc3 Nf6 10. Be2 Bg7 11. O-O O-O 12. Re1 Nbd7 13. Bf4 b6 14. Qd2 Bb7 15. Rad1 Qc8 16. Bh2 a6 17. a4 Rd8 18. Qe3 e6 19. Bf1 Re8 20. Ne5 c5 21. a5 bxa5 22. Na4 Bf8 23. dxc5 Nxe5 24. Bxe5 Ne4 25. Qf4 f6 26. Rxe4 fxe5 27. Rxe5 Qc6 28. b3 Rad8 29. Ree1 e5 30. Rxd8 Rxd8 31. Qxe5 Bg7 32. Qe7 Bf6 33. Qe6+ Kg7 34. Qxc6 Bxc6 35. Re6 Bxa4 36. bxa4 Rc8 37. Rxa6 Rxc5 38. Ra7+ Kh8 39. g3 Bc3 40. Kg2 Bb4 41. Bd3 Rc6 42. h4 Rd6 43. Be4 Rd4 44. Kf3 Rxc4 45. h5 Bd2 46. Rd7 Bc1 47. hxg6 hxg6 48. Bxg6 Rxa4 49. Kg2 Rb4 50. Ra7 a4 51. f4 a3 52. Kf3 Rb3+ 53. Kg4 Be3 54. Rh7+ Kg8 55. Bf7+ Kxh7 56. Bxb3 Kg6 57. Ba2 Bc5 58. Bb1+ Kg7 59. Kf5 Bf2 60. g4 Be3 61. g5 Bd2 62. Ke5 Bc1 63. Kf5 Bd2 64. Kg4 Bb4 65. Ba2 Bc5 66. Kf3 Bb4 67. Ke3 Bc5+ 68. Ke4 Bb4 69. f5 Be7 70. Kf4 Bd8 71. Kg4 Be7 72. Kh5 1/2-1/2

[Event "VISA Nordic GP Final"]
[Site "Gentofte"]
[Date "1999.08.19"]
[Round "12"]
[White "Hansen, Sune Berg"]
[Black "Hillarp Persson, Tiger"]
[Result "1/2-1/2"]
[WhiteElo "2558"]
[BlackElo "2507"]
[PlyCount "109"]
[EventDate "1999.08.05"]
[Source "ChessBase"]
[SourceDate "1999.12.01"]

1. e4 Nf6 2. e5 Nd5 3. d4 d6 4. Nf3 c6 5. c4 Nc7 6. Be2 Bg4 7. exd6 exd6 8. Qb3 b6 9. Nc3 Be7 10. h3 Bh5 11. Be3 Qc8 12. O-O O-O 13. Rfe1 Re8 14. Rac1 Nd7 15. Qa4 c5 16. dxc5 bxc5 17. Qd1 Rb8 18. b3 Rb6 19. Nd2 Bxe2 20. Rxe2 Bf6 21. Nf3 Bxc3 22. Rxc3 Ne5 23. Nxe5 Rxe5 24. Rd3 Ne8 25. Bf4 Rxe2 26. Qxe2 Qd7 27. Re3 Kf8 28. Qd3 Kg8 29. Qe4 Rb8 30. Qe7 Qxe7 31. Rxe7 a6 32. Rd7 Rb6 33. Bd2 h6 34. Ba5 Rc6 35. Bd8 Nf6 36. Bxf6 gxf6 37. g4 f5 38. gxf5 Kg7 39. Kg2 Kf6 40. Kf3 a5 41. Ra7 a4 42. Rxa4 Kxf5 43. Ra7 f6 44. Rb7 Ra6 45. a4 Ra8 46. Rb5 Ke5 47. Ke3 Kf5 48. Rb6 Ke5 49. Kd3 f5 50. Ke3 h5 51. Kf3 h4 52. Rb7 Rd8 53. a5 Ra8 54. Rb5 f4 55. Rb7 1/2-1/2

[Event "20th Open"]
[Site "Cappelle la Grande"]
[Date "2004.03.03"]
[Round "6"]
[White "Areshchenko, Alexander"]
[Black "Minasian, Ara"]
[Result "1-0"]
[WhiteElo "2564"]
[BlackElo "2499"]
[PlyCount "56"]
[EventDate "2004.02.28"]
[Source "Roberto Alvarez"]
[SourceDate "2004.03.08"]

1. e4 Nf6 2. e5 Nd5 3. d4 d6 4. c4 Nb6 5. exd6 cxd6 6. Nf3 g6 7. h3 Bg7 8. Nc3 O-O 9. Be3 e5 10. dxe5 dxe5 11. Qxd8 Rxd8 12. c5 e4 13. Ng5 Bxc3+ 14. bxc3 Nd5 15. Bc4 Be6 16. Nxe6 fxe6 17. Rb1 Rd7 18. O-O Nc6 19. Rfe1 Kf7 20. Bd2 Nf6 21. Bf4 Rc8 22. f3 Na5 23. Bb5 Rdd8 24. c6 Nxc6 25. fxe4 Rd7 26. Rf1 Nxe4 27. Rbe1 Nf6 28. Rb1 Kg8 1-0

[Event "Open"]
[Site "?"]
[Date "2003.05.24"]
[Round "5.4"]
[White "Neverov Valeriy"]
[Black "Nosenko Alexander"]
[Result "1/2-1/2"]
[WhiteElo "2583"]
[BlackElo "2478"]
[PlyCount "95"]
[EventDate "2003.??.??"]
[Source "www.chesslib.no"]
[SourceDate "2004.05.04"]

1. e4 Nf6 2. e5 Nd5 3. d4 d6 4. c4 Nb6 5. exd6 cxd6 6. Nc3 g6 7. Nf3 Bg7 8. h3 O-O 9. Be2 Bf5 10. O-O Nc6 11. Be3 d5 12. c5 Nc4 13. Bxc4 dxc4 14. Qa4 Bd3 15. Rfd1 Qa5 16. Qxa5 Nxa5 17. Bg5 e6 18. Ne5 Nc6 19. Nxd3 cxd3 20. Rxd3 Bxd4 21. Rad1 f6 22. Be3 Bxe3 23. Rxe3 e5 24. Rd7 Rf7 25. Rd6 Rc8 26. Ne4 Kg7 27. Ra3 a6 28. Rb3 f5 29. Ng5 Re7 30. Rb6 e4 31. b4 Rce8 32. a4 Kh6 33. h4 Kh5 34. Nh3 Kg4 35. Rd1 f4 36. b5 axb5 37. axb5 Ne5 38. c6 bxc6 39. bxc6 h6 40. Rb7 Nxc6 41. Rb6 Re6 42. Kh2 Ne5 43. Rb4 Nc6 44. Rc4 Kf5 45. f3 g5 46. Rd5+ Ne5 47. Rxe4 Kf6 48. hxg5+ 1/2-1/2

[Event "Bern Open"]
[Site "Bern SUI"]
[Date "1995.??.??"]
[Round "4"]
[White "Blatny, Pavel"]
[Black "Kengis, Edvins"]
[Result "1/2-1/2"]
[WhiteElo "2485"]
[BlackElo "2575"]
[PlyCount "59"]
[EventDate "1995.02.??"]
[Source "www.chesslib.no"]
[SourceDate "2004.05.04"]

1. e4 Nf6 2. e5 Nd5 3. d4 d6 4. Nf3 c6 5. c4 Nc7 6. exd6 exd6 7. d5 Be7 8. Nc3 O-O 9. Be3 Bf6 10. Qd2 cxd5 11. cxd5 Bg4 12. Be2 Re8 13. O-O Nd7 14. h3 Bh5 15. g4 Bg6 16. g5 Bxc3 17. bxc3 Nc5 18. c4 Ne4 19. Qd4 Na6 20. Kh2 Nac5 21. Rae1 Qa5 22. Qa1 Qc3 23. Nd4 a6 24. h4 Qxa1 25. Rxa1 Nc3 26. Bf3 b5 27. cxb5 axb5 28. Bf4 Be4 29. Bxd6 Bxf3 30. Nxf3 1/2-1/2

[Event "TCh-ROU Superliga"]
[Site "Predeal ROU"]
[Date "2007.10.20"]
[Round "8"]
[White "Parligras, M."]
[Black "Sergeev, Vl"]
[Result "1-0"]
[WhiteElo "2553"]
[BlackElo "2507"]
[PlyCount "51"]
[EventDate "2007.10.13"]
[Source "www.chesslib.no"]
[SourceDate "2004.05.04"]

1. e4 Nf6 2. e5 Nd5 3. d4 d6 4. Nf3 c6 5. Be2 dxe5 6. Nxe5 Nd7 7. Nf3 b5 8. O-O e6 9. b3 Be7 10. c4 bxc4 11. bxc4 N5f6 12. Nc3 O-O 13. Bf4 Qa5 14. Qc2 Ba6 15. Rfd1 Rfc8 16. Rab1 Nh5 17. Bd2 Bf8 18. Ne4 Qa3 19. Ne5 Nhf6 20. Ng5 Nxe5 21. dxe5 h6 22. Nxe6 fxe6 23. exf6 Rcb8 24. Qg6 Rxb1 25. Rxb1 Rd8 26. Bxh6 1-0

[Event "Commonwealth-ch"]
[Site "Sangli"]
[Date "2000.??.??"]
[Round "3"]
[White "Ramesh, RB."]
[Black "Ibragimov, Ildar"]
[Result "1/2-1/2"]
[WhiteElo "2443"]
[BlackElo "2611"]
[PlyCount "111"]
[EventDate "2000.??.??"]
[Source "www.chesslib.no"]
[SourceDate "2004.05.04"]

1. e4 Nf6 2. e5 Nd5 3. d4 d6 4. Nf3 c6 5. c4 Nc7 6. h3 dxe5 7. Nxe5 Nd7 8. Nf3 g6 9. Nc3 Bg7 10. Be2 b5 11. O-O bxc4 12. Bxc4 O-O 13. Re1 Nb6 14. Bb3 Ne6 15. Be3 Nd5 16. Bxd5 cxd5 17. Qb3 Nc7 18. Bf4 e6 19. Rac1 Ne8 20. Ne5 Qb6 21. Qxb6 axb6 22. b3 g5 23. Bh2 Bxe5 24. Bxe5 Bd7 25. a4 f6 26. Bg3 Kf7 27. Nb5 Bxb5 28. axb5 Ra5 29. Rc6 Rxb5 30. Rcxe6 Ng7 31. Rc6 Nf5 32. Ree6 Nxd4 33. Rxf6+ Ke7 34. Rxf8 Kxf8 35. Rc8+ Ke7 36. Rc7+ Ke6 37. Rxh7 Rxb3 38. Rh6+ Kf5 39. Bc7 Ke4 40. Rxb6 Rc3 41. Bd8 Rc1+ 42. Kh2 Rc2 43. Rb4 Kd3 44. Bf6 Ne6 45. Kg3 d4 46. Rb5 Rc5 47. Rb6 Nf4 48. Rd6 Nh5+ 49. Kg4 Nxf6+ 50. Rxf6 Ke2 51. f4 gxf4 52. Kxf4 d3 53. Rd6 d2 54. g4 Rc3 55. Rxd2+ Kxd2 56. g5 1/2-1/2

[Event "Moscow Aeroflot op"]
[Site "Moscow"]
[Date "2002.02.05"]
[Round "1"]
[White "Socko, Bartosz"]
[Black "Zilberman, Yaacov"]
[Result "1-0"]
[WhiteElo "2585"]
[BlackElo "2466"]
[PlyCount "165"]
[EventDate "2002.02.04"]
[Source "ChessBase"]
[SourceDate "2002.03.21"]

1. e4 Nf6 2. e5 Nd5 3. d4 d6 4. Nf3 c6 5. Be2 dxe5 6. dxe5 Bg4 7. O-O Bxf3 8. Bxf3 e6 9. Nd2 Nd7 10. Re1 Qc7 11. Nc4 N7b6 12. Nxb6 axb6 13. c4 Ne7 14. Bd2 Rd8 15. Qc1 Ng6 16. Bc3 Be7 17. Qe3 Bc5 18. Qe4 Qe7 19. a3 Qh4 20. g3 Qxe4 21. Rxe4 Kd7 22. b4 Be7 23. h4 Kc7 24. Be2 h5 25. Re3 Rd7 26. Rf3 Bd8 27. a4 Kc8 28. a5 bxa5 29. bxa5 Bc7 30. Re3 Ne7 31. a6 bxa6 32. Rxa6 Kb7 33. Ra2 Bb6 34. Rb2 Ka7 35. Rf3 Nf5 36. Be1 Rb7 37. Kf1 Bc5 38. Ra2+ Kb8 39. Rd3 g6 40. Ra5 Bb6 41. Ra6 Kc7 42. Bf3 Ra7 43. Rxa7+ Bxa7 44. Ra3 Bb6 45. Bb4 c5 46. Bd2 Rd8 47. Bg5 Rb8 48. Be4 Nd4 49. Be7 Kd7 50. Bd6 Rc8 51. Ra6 Bc7 52. Ra7 Nc6 53. Bxc6+ Kxc6 54. Bxc7 Rxc7 55. Ra8 Kd7 56. Ke2 Ke7 57. Ke3 f6 58. f4 Kf7 59. Kd3 Rd7+ 60. Kc3 fxe5 61. fxe5 g5 62. hxg5 Kg6 63. Rc8 Kxg5 64. Rxc5 Kg4 65. Rc6 Re7 66. Rc8 Kxg3 67. c5 h4 68. c6 h3 69. Kd4 h2 70. Rg8+ Kf3 71. Rh8 Kg2 72. Kc5 Re8 73. Rh6 h1=Q 74. Rxh1 Kxh1 75. Kd6 Kg2 76. Kd7 Rh8 77. Kxe6 Kg3 78. Kd7 Rh7+ 79. Kd6 Kf4 80. e6 Kf5 81. e7 Rh8 82. Kd7 Ke5 83. c7 1-0

[Event "Kilkenny"]
[Site "?"]
[Date "1994.??.??"]
[Round "?"]
[White "Watson, W."]
[Black "Baburin, A."]
[Result "0-1"]
[WhiteElo "2525"]
[BlackElo "2515"]
[PlyCount "70"]
[EventDate "1994.??.??"]
[Source "ChessBase"]
[SourceDate "1995.02.01"]

1. e4 Nf6 2. e5 Nd5 3. d4 d6 4. Nf3 c6 5. Be2 dxe5 6. Nxe5 Nd7 7. Nf3 g6 8. O-O Bg7 9. c4 Nc7 10. Nc3 O-O 11. Bf4 c5 12. dxc5 Ne6 13. Be3 Bxc3 14. bxc3 Ndxc5 15. Nd4 Bd7 16. f4 Ne4 17. Bf3 N6c5 18. Nb3 Rc8 19. Qd4 Bc6 20. f5 Re8 21. Bh6 e5 22. fxe6 Nxe6 23. Qxa7 Qh4 24. Qe3 N6g5 25. Bxg5 Nxg5 26. Qd4 Nxf3+ 27. gxf3 Qg5+ 28. Qg4 Qe3+ 29. Kg2 Qxc3 30. Rf2 Rcd8 31. Rc1 Qe3 32. Rcf1 Re5 33. h4 h5 34. Qg3 Rf5 35. Kg1 Rxf3 0-1

[Event "ARM-ch"]
[Site "Yerevan"]
[Date "2001.09.22"]
[Round "10"]
[White "Minasian, Artashes"]
[Black "Nalbandian, Tigran"]
[Result "1/2-1/2"]
[WhiteElo "2581"]
[BlackElo "2458"]
[PlyCount "89"]
[EventDate "2001.09.13"]
[Source "ChessBase"]
[SourceDate "2001.02.01"]

1. e4 Nf6 2. e5 Nd5 3. d4 d6 4. Nf3 c6 5. Be2 dxe5 6. Nxe5 Nd7 7. f4 Nxe5 8. fxe5 Bf5 9. O-O e6 10. Bd3 Bxd3 11. Qxd3 Nb4 12. Qd1 c5 13. c3 Nc6 14. Be3 Qd7 15. Nd2 cxd4 16. cxd4 Nxd4 17. Ne4 Nf5 18. Qxd7+ Kxd7 19. Rfd1+ Ke8 20. Bf2 Be7 21. Rac1 Rd8 22. Bxa7 Rxd1+ 23. Rxd1 f6 24. Rd3 fxe5 25. Rb3 Kd7 26. Rxb7+ Kc6 27. Rb6+ Kd7 28. g4 Ra8 29. gxf5 Rxa7 30. fxe6+ Kc7 31. Rb3 Rxa2 32. Rd3 Kb8 33. Rd7 Ra7 34. Rxa7 Kxa7 35. Nc3 Kb7 36. Nd5 Bc5+ 37. Kg2 Kc6 38. e7 Kd7 39. Kf3 Bxe7 40. Nxe7 Kxe7 41. Ke4 Ke6 42. b4 Kd6 43. b5 Kc5 44. Kxe5 Kxb5 45. Ke6 1/2-1/2